[Event "18th Aeroflot Open-A 2020"]
[Site "Moscow"]
[Date "2020.02.21"]
[Round "3.21"]
[White "Chanda, Sandipan"]
[Black "Abdusattorov, Nodirbek"]
[Result "1/2-1/2"]
[WhiteElo "2552"]
[BlackElo "2644"]
[Annotator "TA"]
[PlyCount "141"]
[EventDate "2020.02.19"]
[EventType "swiss"]
[EventCountry "RUS"]
[SourceTitle "playchess.com"]
[Source "ChessBase"]
[SourceQuality "1"]

{[%evp 13,141,0,0,0,12,14,7,0,3,0,0,-5,6,-23,-17,-29,-14,-33,0,0,0,-22,0,-16,0,0,0,-66,-67,-72,-57,-57,-64,-72,-59,-56,-56,-56,-64,-58,-62,-56,-56,-56,-26,-68,-39,-81,-9,-21,0,0,0,-7,0,0,0,0,0,0,0,0,0,0,0,-8,-8,-8,-8,-8,-8,-8,-8,-8,-8,-8,-8,-22,-8,-8,-8,-8,-8,-8,-8,-8,-8,-30,-8,-8,-8,-8,-8,-24,-8,-31,0,0,0,-8,-8,-8,-8,-8,0,-8,0,0,0,0,0,0,0,0,0,0,0,0,0,0,0,0,0,0,0,0,0,0,0,0]} 1. d4 d5 2. Nf3 Nf6 3. Bf4 c5 4. e3 Nc6 5. Nbd2 e6 6. c3 Bd6 7. Bg3 O-O 8. Bb5 {D02: 1 d4 d5 2 Nf3 sidelines, including 2...Nf6 3 g3 and 2...Nf6 3 Bf4.} Bxg3 9. hxg3 Qb6 10. a4 Bd7 11. Qb1 h6 12. O-O {[#]} Rfc8 $146 ({Predecessor:} 12... Rac8 13. Bd3 a5 14. Qa2 Qa7 15. Rfd1 b6 16. Rac1 Rfd8 17. b3 Be8 18. Re1 Ng4 19. Nf1 Qb8 20. Qb1 Ne7 21. N1h2 Nxh2 {½-½ (21) Owens,J (2189)-Cvak,R (2256) ICCF email 2016}) 13. Bxc6 Bxc6 14. Ne5 a5 15. f4 Be8 16. g4 Nh7 17. Nd3 cxd4 18. exd4 f6 19. Rf2 Bg6 20. f5 ({White should play} 20. Nf3 $1 $11) 20... Bf7 $15 21. Nf3 exf5 22. gxf5 Re8 23. Qf1 Qd6 24. Re1 Rxe1 25. Qxe1 b6 26. Re2 Ng5 27. Nxg5 hxg5 28. g4 Qc6 29. Re7 Kf8 30. Kg2 Rd8 (30... Re8 $17 31. Rxe8+ Bxe8) 31. Ra7 $11 Re8 32. Qg3 Rc8 33. Qe3 {[#] White threatens Qe7+ and mate.} Re8 34. Qg3 Re7 35. Qb8+ Be8 36. Rxe7 Kxe7 37. Qa7+ Kf8 38. Qb8 g6 39. fxg6 Kg7 40. Nf2 $1 Qe6 41. Qa7+ Kxg6 42. b4 Bxa4 {[#] aiming for ...Bb5.} 43. bxa5 bxa5 44. Qxa5 Qd7 45. Qc5 Kf7 46. Kg3 Bb3 47. Qb6 Bc2 48. Qb2 Ba4 49. Qb1 Kg7 50. Qe1 Bb5 51. Qe3 Kf7 52. Kg2 Ba6 53. Qh3 Kg7 54. Nd1 Qb5 (54... Qe6 $5 {[%cal Re6e2]} 55. Nf2 Qe1 $15) 55. Qf3 {The position is equal.} Qb1 56. Ne3 Bd3 {...Be4 is the strong threat.} 57. Nf5+ $1 Kg6 58. Ng3 $132 {[%mdl 2048] White puts up resistance} Qa2+ 59. Kh3 Bb1 60. Qf1 {White wants to play Qb5.} Qb3 61. Qa6 Qxc3 62. Qe6 Qc7 63. Qxd5 Bd3 64. Qe6 Qc4 65. d5 {And now Nh5 would win.} Bf1+ 66. Nxf1 Qxf1+ 67. Kg3 Qd3+ 68. Kf2 Qd2+ 69. Kf3 Qd3+ 70. Kf2 Qd2+ 71. Kf3 {Accuracy: White = 95%, Black = 90%.} 1/2-1/2

[Event "18th Aeroflot Open-A 2020"]
[Site "Moscow"]
[Date "2020.02.21"]
[Round "3.22"]
[White "Riazantsev, Alexander"]
[Black "Asadli, Vugar"]
[Result "1-0"]
[WhiteElo "2639"]
[BlackElo "2538"]
[Annotator "TA"]
[PlyCount "97"]
[EventDate "2020.02.19"]
[EventType "swiss"]
[EventCountry "RUS"]
[SourceTitle "playchess.com"]
[Source "ChessBase"]
[SourceQuality "1"]

{[%evp 14,97,18,19,27,22,42,54,53,50,49,56,53,56,67,45,52,47,43,50,61,61,57,34,52,4,7,6,9,14,73,81,114,116,114,111,111,103,107,88,85,77,80,48,83,62,55,0,73,69,89,64,72,49,50,53,52,49,56,64,97,79,70,64,116,118,153,0,0,0,0,0,0,0,0,0,848,848,1003,98,922,901,5189,5110,5110,1919]} 1. d4 Nf6 2. c4 e6 3. Nf3 b6 4. g3 c6 5. Nc3 d5 6. Bg2 Be7 7. O-O O-O 8. b3 Ba6 {E06: Closed Catalan: Early deviations.} 9. Nd2 b5 {[%cal Rd5c4]} 10. c5 b4 {White is slightly better.} 11. Na4 Nbd7 {[#]} 12. a3 $146 ({Predecessor:} 12. Nf3 Ne4 13. Bb2 Bb5 14. Re1 f5 15. e3 Bf6 16. Rc1 Qc7 17. Ba1 g5 18. Nd2 {0-1 (68) Andersen,L (2141)-Glud,J (2506) Middelfart 2012}) 12... bxa3 13. f4 Rb8 14. Re1 Ne8 15. Bxa3 Nc7 16. Nf3 Rb7 17. Qc2 f5 18. Bc1 Qb8 19. Bd2 Rxb3 {[#]} 20. Nb6 $1 {[%mdl 512]} axb6 21. Qxb3 Bc4 (21... bxc5 $11 22. Qb1 Qc8) 22. Qb2 Nb5 23. cxb6 Qxb6 24. Ba5 Qb8 25. e3 c5 26. Nd2 Bd3 27. Bf1 Bxf1 28. Nxf1 {Threatens to win with Reb1.} Qb7 29. Reb1 Rb8 30. Bc3 (30. dxc5 $14 Bxc5 31. Bb4) 30... Qc7 {[#]} (30... Qc8 $1 $11 {remains equal.}) 31. dxc5 $1 $16 Bxc5 32. Be5 Nd6 33. Qc3 Rxb1 34. Rxb1 Nxe5 35. Qxe5 Qd7 36. Nd2 Ba7 37. Kg2 h6 38. Ra1 Nf7 (38... Kh7 $14) 39. Qc3 d4 40. exd4 $2 (40. Qd3 $16) 40... Bxd4 $11 41. Ra8+ Kh7 $1 42. Qc8 Qb5 43. Qa6 Qd5+ 44. Nf3 $1 {Qa2 is the strong threat.} g5 $2 {[%mdl 8192]} (44... Qe4 $11 45. Re8 Nd6) 45. Qc8 $18 {[%csl Ga8][%cal Rc8g8]} Kg7 {[#]} 46. Qg8+ $1 Kf6 {[#] ( -> ...g4)} 47. Rf8 $1 {[%csl Gg8,LRf7,LRg5][%cal Rf8f7] White is clearly winning.} Qa2+ {[#]} 48. Kh3 $1 {[%csl Gg8][%cal Rf8f7]} g4+ {[#]} 49. Kh4 $1 {Accuracy: White = 89%, Black = 73%.} 1-0

[Event "18th Aeroflot Open-A 2020"]
[Site "Moscow"]
[Date "2020.02.21"]
[Round "3.23"]
[White "Sengupta, Deep"]
[Black "Narayanan.S.L"]
[Result "0-1"]
[WhiteElo "2534"]
[BlackElo "2637"]
[Annotator "TA"]
[PlyCount "94"]
[EventDate "2020.02.19"]
[EventType "swiss"]
[EventCountry "RUS"]
[SourceTitle "playchess.com"]
[Source "ChessBase"]
[SourceQuality "1"]

{[%evp 12,94,4,11,22,22,18,14,8,6,14,5,19,18,28,20,30,22,31,22,35,34,25,27,9,0,0,0,0,-6,0,-46,-12,-35,-26,-33,-9,-22,-23,-46,-32,-29,-26,-29,-26,-60,-39,-105,-105,-105,-97,-114,-99,-203,-217,-256,-192,-430,-416,-719,-660,-824,-935,-803,-520,-1622,-1679,-1569,-1340,-1750,-1695,-29975,-29976,-29976,-29977,-29977,-29978,-29978,-29979,-29979,-29980,-29980,-29981,-29981,-29982]} 1. c4 Nf6 2. Nc3 e5 3. Nf3 Nc6 4. e3 Bb4 5. Qc2 Bxc3 6. Qxc3 Qe7 7. Be2 {7.d4 is the modern continuation.} d5 {A28: English Opening: Four Knights Variation.} 8. d4 exd4 9. Nxd4 Nxd4 {The position is equal.} 10. Qxd4 c5 11. Qf4 dxc4 12. Bxc4 O-O 13. b3 Rd8 14. Bb2 {[#]} Nd5 $5 $146 {[%mdl 8] An interesting novelty.} ({Predecessor:} 14... Ne8 15. O-O Be6 16. Qe5 Rd2 17. Rfd1 Rad8 18. Rxd2 Rxd2 19. Bc3 Rd7 20. Bb5 Rd8 {½-½ (36) Schulze,G (1999)-Von Wedel,B (2241) GER email 2010}) 15. Qg3 {[%csl Gb2][%cal Rg3g7]} f6 16. O-O {e4! is the strong threat.} Be6 17. Rac1 Rac8 18. Ba3 a5 19. Qh4 b6 20. Rfd1 Bf7 21. Ba6 Rb8 22. Bd3 h6 {White must now prevent ...Nxe3!} 23. Qg3 Nb4 24. Bxb4 axb4 25. Qf4 Qe5 26. Qxe5 fxe5 27. f3 Kf8 28. Be4 Ke7 29. h4 {Black keeps a firm grip on the game.} (29. Rxd8 $15 Rxd8 30. Rc2) 29... Rxd1+ $17 30. Rxd1 {[%mdl 4096] Endgame [#] KRB-KRB} b5 $1 31. g4 c4 32. g5 (32. Kf1 $17) 32... Rb6 $19 ({Not} 32... cxb3 33. axb3 hxg5 34. hxg5 $15) 33. Bf5 Be6 ({Inferior is} 33... cxb3 34. axb3 g6 35. Bc2 $11) 34. Bxe6 $2 (34. Be4) 34... Kxe6 35. gxh6 (35. f4 $142 Ra6 36. Kg2) 35... gxh6 {KR-KR} 36. Rc1 c3 37. Kf2 Rd6 38. Rc2 {[#]} (38. Kg3 $142 Rd2 39. Ra1) 38... e4 $1 {[%mdl 512]} 39. Ke2 (39. fxe4 Ke5) 39... Kf5 40. h5 Rd3 41. fxe4+ Kxe4 {Black mates.} 42. Ke1 Rxe3+ 43. Kd1 Kd3 44. Rg2 Rh3 45. Rg1 c2+ 46. Kc1 Kc3 47. Rf1 Rd3 {Accuracy: White = 52%, Black = 89%.} 0-1

[Event "18th Aeroflot Open-A 2020"]
[Site "Moscow"]
[Date "2020.02.21"]
[Round "3.24"]
[White "Aravindh, Chithambaram VR."]
[Black "Moroni, Luca Jr"]
[Result "1-0"]
[WhiteElo "2630"]
[BlackElo "2536"]
[Annotator "TA"]
[PlyCount "57"]
[EventDate "2020.02.19"]
[EventType "swiss"]
[EventCountry "RUS"]
[SourceTitle "playchess.com"]
[Source "ChessBase"]
[SourceQuality "1"]

{[%evp 14,57,26,22,20,8,9,9,37,39,27,28,42,41,38,29,67,21,29,36,45,52,47,31,46,19,113,120,128,135,132,145,185,188,522,521,580,580,580,580,558,551,1148,1148,1062,1148]} 1. Nf3 d5 2. d4 Nf6 3. c4 e6 4. Nc3 Nbd7 5. Bf4 dxc4 6. e3 Nd5 7. Bxc4 Nxf4 8. exf4 Nb6 {The main line 8...Nb6 scores better than 8...Bd6. D37: Queen's Gambit Declined: 5 Bf4.} 9. Bd3 g6 10. h4 {[#]} Nd5 $146 {The position is equal.} ({Predecessor:} 10... Bg7 11. h5 Qe7 12. h6 Bf8 13. Qe2 f6 14. Nd2 Bd7 15. Nb3 O-O-O 16. Bb5 c6 {0-1 (44) Dedina,M (2297)-Valak,A (2250) ICCF email 2004}) 11. g3 Bg7 12. h5 Nxc3 13. bxc3 c5 {[%cal Rc5d4]} 14. Ne5 Qa5 15. Kf1 ({Much weaker is} 15. hxg6 Qxc3+ 16. Ke2 hxg6 $11) 15... cxd4 $1 16. cxd4 Qd5 17. Kg1 {aiming for Qa4+.} Bd7 $1 18. Bc4 $36 {[%mdl 2048] White is more active.} Qd6 19. Qb3 Bc6 {[#]} (19... O-O $11 {remains equal.}) 20. Re1 $1 $16 {Strongly threatening Nxf7!} Bxe5 ({Not} 20... Bxh1 $2 21. Nxf7 Kxf7 22. Rxe6 $18) 21. dxe5 Qc5 {[#]} 22. hxg6 $1 {[%mdl 512]} Bxh1 (22... fxg6 23. Rh6) 23. gxf7+ Kf8 $2 (23... Kxf7 24. Bxe6+ (24. Kxh1 Qc6+ 25. Kg1 Rac8 $16) 24... Kg7) 24. Kxh1 $18 {White is clearly winning.} Rd8 25. Bxe6 Qxf2 26. Rd1 Kg7 27. Bd5 {And now e6 would win.} Qe2 28. e6 Kh6 29. Qd3 {Accuracy: White = 87%, Black = 54%.} 1-0

[Event "18th Aeroflot Open-A 2020"]
[Site "Moscow"]
[Date "2020.02.21"]
[Round "3.25"]
[White "Raja Harshit"]
[Black "Martirosyan, Haik M."]
[Result "0-1"]
[WhiteElo "2472"]
[BlackElo "2630"]
[Annotator "TA"]
[PlyCount "76"]
[EventDate "2020.02.19"]
[EventType "swiss"]
[EventCountry "RUS"]
[SourceTitle "playchess.com"]
[Source "ChessBase"]
[SourceQuality "1"]

{[%evp 15,76,7,12,9,19,4,36,42,47,42,45,43,21,39,88,54,112,113,135,112,135,-3,-10,-39,-9,-51,2,-83,-113,-102,-112,-113,-77,-164,-156,-156,-167,-144,-94,-123,-50,-63,-39,-263,-124,-176,-178,-174,-83,-163,-161,-209,-141,-728,-695,-964,-949,-1014,-925,-29983,-29984,-29990,-29991]} 1. e4 e6 2. d4 d5 3. Nd2 Be7 4. Ngf3 Nf6 5. e5 Nfd7 6. Bd3 c5 7. c3 Nc6 8. O-O g5 9. Nb1 {C06: French Tarrasch: 3...Nf6 4 e5 Nfd7 5 Bd3 main lines.} g4 10. Ne1 $1 cxd4 11. cxd4 {[#] White is slightly better.} Nxd4 $146 ({Predecessor:} 11... h5 12. Be3 Nf8 13. Nc3 Bd7 14. Rc1 Qa5 15. a3 a6 16. f3 g3 17. hxg3 O-O-O {1-0 (40) Loos,R (2262)-Willim,M (2135) Bayern 2009}) 12. Qxg4 Nc6 13. Qg7 Rf8 14. Bf4 Qb6 15. Nf3 f6 (15... Qb4 $14 16. g3 Nc5 17. Qxh7 Bd7) 16. Bxh7 $16 ({Much worse is} 16. Qxh7 $6 fxe5 17. Bh6 e4 $11) 16... fxe5 17. Bh6 Kd8 18. Qg6 (18. Ng5 $16 Nf6 19. Qg6) 18... Rf6 $1 $11 {[%cal Rf6g6]} 19. Qg8+ Kc7 20. Be3 $1 {[%cal Re3b6]} Bc5 (20... Qxb2 $15 21. Nbd2 b6) 21. Nc3 (21. Bxc5 $11 Qxc5 22. Nc3) 21... Bxe3 $17 22. fxe3 Qxe3+ 23. Kh1 a6 24. Qxe6 (24. Ng5 $17 {was worth a try.} Rxf1+ 25. Rxf1) 24... Qxc3 $1 $19 25. Qxd7+ Bxd7 ({Much less strong is} 25... Kxd7 26. bxc3 Kc7 27. Ng5 $15) 26. bxc3 Raf8 27. Kg1 b5 (27... e4 $17 28. Ng5 Ne5 29. Rxf6 Rxf6) 28. Rad1 e4 $36 {[%mdl 2048] Black is more active.} 29. Nd4 $2 (29. Ng5 $15) 29... b4 (29... Nxd4 $19 {and Black stays clearly on top.} 30. cxd4 b4) 30. Nxc6 (30. Rxf6 $17 Rxf6 31. Nxc6 Bxc6 32. cxb4) 30... Bxc6 ({Don't take} 30... Kxc6 31. cxb4 Bg4 32. Rxf6+ Rxf6 33. Rf1 $15) 31. cxb4 {[#]} Bb5 (31... e3 $1 $19 {[%cal Re3e2] has better winning chances. aiming for ...e2!} 32. Rxf6 Rxf6) 32. Rxf6 (32. Rfe1 $17) 32... Rxf6 $17 {[%mdl 4096] Endgame KRB-KRB} 33. g4 {[#]} e3 $1 {[%mdl 1024] White must now prevent ...Rf4. Black has strong compensation.} 34. g5 $2 {[%mdl 8192]} (34. Bf5 $17 Kd6 35. a4) 34... Rf4 $19 {And now ...e2 would win.} 35. Kg2 e2 36. Re1 d4 37. g6 d3 38. Rc1+ Bc6+ {Accuracy: White = 35%, Black = 52%.} 0-1

[Event "18th Aeroflot Open-A 2020"]
[Site "Moscow"]
[Date "2020.02.21"]
[Round "3.26"]
[White "Stupak, Kirill"]
[Black "Shtembuliak, Evgeny"]
[Result "1/2-1/2"]
[WhiteElo "2518"]
[BlackElo "2628"]
[Annotator "TA"]
[PlyCount "36"]
[EventDate "2020.02.19"]
[EventType "swiss"]
[EventCountry "RUS"]
[SourceTitle "playchess.com"]
[Source "ChessBase"]
[SourceQuality "1"]

{[%evp 20,36,26,6,18,6,6,6,0,0,0,0,0,0,0,0,0,0,0]} 1. d4 Nf6 2. Nf3 e6 3. c4 d5 4. Nc3 Bb4 5. Bg5 h6 6. Bxf6 Qxf6 7. e3 O-O 8. Rc1 dxc4 9. Bxc4 c5 10. O-O cxd4 11. Nxd4 Bd7 {The position is equal. D38: Queen's Gambit Declined: Ragozin Defence (4 Nf3 Bb4).} 12. Qb3 Nc6 13. Nxc6 Bxc3 $1 14. Rxc3 Bxc6 15. Bb5 Bd5 16. Bc4 Bc6 17. Bb5 Bd5 18. Bc4 Bc6 {An uneventful encounter.} 1/2-1/2

[Event "18th Aeroflot Open-A 2020"]
[Site "Moscow"]
[Date "2020.02.21"]
[Round "3.27"]
[White "Kulaots, Kaido"]
[Black "Smirin, Ilia"]
[Result "0-1"]
[WhiteElo "2510"]
[BlackElo "2615"]
[Annotator "TA"]
[PlyCount "114"]
[EventDate "2020.02.19"]
[EventType "swiss"]
[EventCountry "RUS"]
[SourceTitle "playchess.com"]
[Source "ChessBase"]
[SourceQuality "1"]

{[%evp 11,114,25,35,31,50,42,44,2,50,-20,0,0,0,0,0,0,0,0,0,0,0,0,0,-14,0,-10,0,-39,-41,-30,-23,-31,13,12,10,15,36,19,29,33,23,31,16,0,21,23,27,12,14,11,18,18,16,12,12,0,0,0,0,0,0,0,0,0,0,0,0,0,0,0,0,0,0,0,0,0,0,0,0,0,0,0,0,0,0,0,0,-315,-374,-360,-360,-549,-539,-29973,-29974,-29980,-29980,-29977,-29978,-29982,-29982,-29982,-29983,-29986,-29987]} 1. e4 c5 2. Nf3 e6 3. d4 cxd4 4. Nxd4 a6 5. c4 Nf6 6. Nc3 Bb4 7. Qd3 {B41: Sicilian: Kan Variation: 5 c4.} O-O 8. e5 Ne8 $1 {[#]} 9. Bd2 $146 {White is slightly better.} ({Predecessor:} 9. Bf4 d6 10. Nc2 Bxc3+ 11. Qxc3 dxe5 12. Bxe5 Nc6 13. Bf4 e5 14. Be3 Nf6 15. Bd3 {0-1 (47) Karjakin,S (2754)-Smirin,I (2607) Moscow 2019}) 9... Qc7 10. Nf3 (10. Qg3 $14) 10... Nc6 $11 11. Qe4 f5 12. exf6 Nxf6 13. Qh4 d5 14. Be2 Be7 15. cxd5 exd5 16. O-O Be6 17. Bd3 Qd7 18. Rad1 Bg4 {Strongly threatening ...Bxf3.} 19. Bg5 {And now Bxf6 would win.} (19. Bc2 $5 {[%cal Rc3d5]} h6 20. h3 Bxf3 21. gxf3 $15) 19... h6 {White must now prevent ...Bxf3.} 20. Bxf6 $1 Bxf6 21. Qg3 {aiming for Nxd5!} Ne7 22. Be2 Be6 23. Ne5 $36 {[%mdl 2048] White has some pressure.} Qe8 {Hoping for ...Nf5.} 24. Bg4 Bxg4 25. Nxg4 Bxc3 $1 26. Qxc3 Rd8 27. Ne3 Qc6 28. Qb3 Kh8 29. Rd4 Qf6 30. Qc3 Nf5 31. Nxf5 Qxf5 32. Qd2 Rf6 33. Rc1 Rc6 34. h3 Rxc1+ 35. Qxc1 {[%mdl 4096] Endgame KQR-KQR} Rc8 36. Qe1 Rc2 37. Rb4 d4 38. Rxd4 ({Don't go for} 38. Rxb7 $2 d3 $19) 38... Rxb2 39. a4 Rb1 40. Rd1 Rxd1 41. Qxd1 {KQ-KQ} b5 42. g4 Qe4 43. axb5 axb5 44. Qb3 b4 45. Kf1 $1 Kh7 46. f3 Qd4 47. h4 Qd2 48. h5 Kh8 49. Qf7 $2 {[%mdl 8192] [#]} (49. Qc4 $11 {and White stays safe.}) 49... Qd3+ $1 $19 50. Kg2 {[#] Threatening Qf8+.} Kh7 $1 51. f4 (51. g5 {only move.} hxg5 52. h6 Qe2+ 53. Kg3 Qe1+ 54. Kg2 Qe2+ 55. Kg3 Qe5+ 56. Kg2 Qe2+) 51... b3 {[%cal Bb4b3,Bb3b2][%mdl 32]} 52. g5 hxg5 {Black mates.} 53. f5 Qe4+ 54. Kf2 b2 55. h6 Qc2+ 56. Ke3 Qc3+ 57. Ke2 Qe5+ {Accuracy: White = 82%, Black = 95%.} 0-1

[Event "18th Aeroflot Open-A 2020"]
[Site "Moscow"]
[Date "2020.02.21"]
[Round "3.28"]
[White "Kardashevskiy, Evgeny"]
[Black "Salgado Lopez, Ivan"]
[Result "1/2-1/2"]
[WhiteElo "2437"]
[BlackElo "2597"]
[Annotator "TA"]
[PlyCount "53"]
[EventDate "2020.02.19"]
[EventType "swiss"]
[EventCountry "RUS"]
[SourceTitle "playchess.com"]
[Source "ChessBase"]
[SourceQuality "1"]

{[%evp 9,53,20,21,12,33,0,0,12,14,-10,13,6,0,0,25,26,18,12,12,0,0,-19,0,0,-7,0,-4,-6,0,-15,-16,-18,-13,-18,-14,-17,-14,-28,-21,-15,0,-35,0,-18,0,-34]} 1. d4 e6 2. Nf3 c5 3. c4 cxd4 4. Nxd4 a6 5. g3 Qc7 6. Nc3 {[#] A43: Schmid Benoni.} Qxc4 $146 ({Predecessor:} 6... b6 7. Bg2 Bb7 8. e4 Bb4 9. O-O Nf6 10. Nd5 exd5 11. cxd5 O-O 12. Nf5 a5 {1-0 (21) Nagy,G (2439)-Czebe,A (2490) Zalakaros 2013}) 7. Bg2 (7. e4 $5 {[%cal Rf1c4]} Qc7 8. Bg2 $11) 7... Nc6 8. Nb3 d5 9. O-O Bb4 10. Bf4 {[%cal Rg2d5] With the idea Bxd5!} Bxc3 11. Rc1 {[%mdl 64] [#] Pin} Nf6 12. Rxc3 Qb4 13. Be3 Nd7 14. f4 O-O 15. Bf2 Re8 16. a3 Qe7 17. e4 dxe4 18. Bxe4 Nf6 19. Bf3 e5 20. Bc5 Qe6 21. f5 Qd7 22. Rd3 Qc7 23. Bd6 Qb6+ 24. Bc5 Qc7 {[#] Hoping for ...e4.} 25. Bd6 Qb6+ (25... Qd8 $5 {[%cal Re5e4]} 26. Bc5 Bd7 27. Bxc6 bxc6 $15) 26. Bc5 Qc7 {Threatens to win with ...e4.} 27. Bd6 {An uneventful encounter. Accuracy: White = 100%, Black = 100%.} 1/2-1/2

[Event "18th Aeroflot Open-A 2020"]
[Site "Moscow"]
[Date "2020.02.21"]
[Round "3.29"]
[White "Shimanov, Aleksandr"]
[Black "Gokerkan, Cem Kaan"]
[Result "1/2-1/2"]
[WhiteElo "2587"]
[BlackElo "2461"]
[Annotator "TA"]
[PlyCount "122"]
[EventDate "2020.02.19"]
[EventType "swiss"]
[EventCountry "RUS"]
[SourceTitle "playchess.com"]
[Source "ChessBase"]
[SourceQuality "1"]

{[%evp 17,122,28,23,18,32,18,28,22,28,14,14,18,21,22,10,14,10,14,16,31,35,0,1,0,0,0,0,0,0,0,0,-7,0,-2,2,-89,-80,-79,-67,-115,-118,-165,-129,-154,-92,-125,-75,-78,-8,-7,0,-91,-57,-149,-142,-134,-136,-142,0,-47,0,-112,0,-169,-184,-137,-124,-170,-177,-172,-172,-175,-138,-159,-29,-35,0,-25,-13,-12,0,-20,0,-10,-9,-9,-16,-75,-50,-47,0,0,0,-64,-63,-52,-70,-58,-8,-8,-8,-8,0,0,0,-8,0]} 1. d4 Nf6 2. Nf3 d5 3. c4 e6 4. Nc3 Be7 5. Bg5 h6 6. Bh4 O-O 7. e3 Nbd7 8. Rc1 a6 {8...c5 is the modern continuation.} 9. cxd5 exd5 10. Bd3 {D63: Queen's Gambit Declined: Classical: 7 Rc1.} Re8 11. Bg3 c6 12. O-O {White has an edge.} Bf8 13. h3 {[#]} Ne4 $146 ({Predecessor:} 13... b6 14. Ne5 Bb7 15. f4 c5 16. Bh4 Be7 17. Bf5 Nf8 18. Na4 c4 19. b3 N6h7 20. Bxh7+ Nxh7 {1-0 (91) Berkes,F (2630)-Speelman,J (2555) Mallorca 2004}) 14. Bxe4 dxe4 15. Nd2 f5 16. Qb3+ Kh7 17. Qf7 Nf6 18. Be5 {Black must now prevent Bxf6.} Ng8 19. Bc7 (19. Ne2 {keeps more tension.} Qe7 20. Qxe7 Nxe7 21. Nc4 Nd5 22. Nc3) 19... Be6 $132 {[%mdl 2048] Black is not keeping still} 20. Qxe6 Rxe6 21. Bxd8 Rxd8 22. Nc4 Nf6 23. a3 Nd5 24. Na5 Re7 25. b4 f4 26. Nb3 (26. Nxd5 $11 Rxd5 27. exf4) 26... fxe3 $17 27. Nxd5 exf2+ 28. Rxf2 cxd5 29. Rfc2 g6 30. Kf2 h5 (30... Rf7+ $142 31. Ke2 Bd6) 31. Ke2 Kh6 32. Rc8 Rxc8 (32... Red7 $17 {Threatening ...Bd6.} 33. Rxd8 Rxd8) 33. Rxc8 {[%mdl 4096] Endgame KRB-KRN} Bg7 34. a4 (34. Rd8 $11 {remains equal.}) 34... Bf6 35. a5 (35. Ke3 $15) 35... Rf7 36. Rc5 Rd7 37. Rc8 {[#]} Rf7 ({Black should try} 37... Kg5 $1 $17 38. Rf8 Rd6) 38. Rc5 $15 Rd7 (38... Bh4 $15 39. Rxd5 Rf2+ 40. Ke3 Rxg2) 39. Rc8 $1 $17 Bh4 (39... Kg5 $17 40. Rf8 Rd6) 40. Rf8 $2 (40. Nc5 $11 {and White stays safe.} Rf7 41. Ne6) 40... Kg7 $19 41. Rf1 {[#]} b6 $1 {[%mdl 512]} 42. axb6 Rb7 43. Nc5 Rxb6 44. Rb1 Be7 45. Kd2 Rf6 ({Black should play} 45... Kh6 $17 46. Ke2 Kg5) 46. Ke2 $1 $11 Bd6 47. Nd7 Rf5 48. Nc5 Rf6 49. Nd7 Rf5 50. Nc5 Kh6 51. Nxa6 Rg5 52. Kf1 {[#]} (52. Kf2 $11) 52... Bg3 $1 $17 {aiming for ...Rf5+.} 53. Ke2 Bd6 (53... Bh4 $5 {[%cal Rg5g2]} 54. Rg1 Rg3 $17) 54. Kf1 Bg3 (54... Rf5+ $11 55. Ke2 Rg5) 55. Ke2 $15 Bh4 $1 56. Rg1 {And now g4 would win.} Rg3 {...Ra3 is the strong threat.} 57. Nc7 $1 Rb3 {Strongly threatening ...Rb2+.} 58. Rd1 {The position is equal.} Rb2+ 59. Rd2 Rb1 {[%csl Gh4][%cal Rb1e1]} 60. Rd1 Rb2+ 61. Rd2 Rb1 {Whites escaped into a draw. Accuracy: White = 71%, Black = 71%.} 1/2-1/2